• 首页
  • 本馆介绍
  • 公告通知
  • 最新文献
  • 馆藏检索
  • 电子资源
  • 读者导购
  • 参考咨询
  • 我的图书馆
  • 登录
  • 详细信息显示
  • 放入我的书架
  • 预约/预借图书
  • 作者相关作品
  • 分类相关作品
  • 丛书相关作品
  • 出版社相关作品

书目信息

  • 表格格式
  • 工作单格式
  • 卡片格式
题名:
民国娼妓盛衰
    
 
作者: 张超 著
分册:  
出版信息: 北京   社会科学文献出版社  2009.08
页数: 301页
开本: 23cm
丛书名: 妇女与性别研究参考书系
单 册:
中图分类: D693.98
科图分类:
主题词: 娼妓--中国--民国--史料 , 娼妓
电子资源:
ISBN: 978-7-5097-0872-9
000 00993oam2 2200277 450
001 010030018753
005 20120626153131.75
010    @a978-7-5097-0872-9@dCNY39.00
100    @a20090907d2009 em y0chiy0110 ea
101 0  @achi
102    @aCN@b110000
105    @aak z 000yy
106    @ar
200 1  @a民国娼妓盛衰@9min guo chang ji sheng shuai@dThe prosperity and decline of prostitutes in the republic of China@f张超著@zeng
210    @a北京@c社会科学文献出版社@d2009.08
215    @a301页@c图@d23cm
225 2  @a妇女与性别研究参考书系
330    @a本书共6章,内容包括:民国以前娼妓概述;民国娼妓的兴盛:民国废娼运动;政府与娼妓;汉口市的娼政;妓院的营运。
461  0 @12001 @a妇女与性别研究参考书系
510 1  @aProsperity and decline of prostitutes in the republic of China@zeng
606 0  @a娼妓@y中国@z民国@x史料
606 0  @a娼妓
690    @aD693.98@v4
701  0 @a张超@9zhang chao@4著
801  0 @aCN@bRENTIAN@c20090907
905    @b540842-46@dD693.98@e187@f5
    
    民国娼妓盛衰=The prosperity and decline of prostitutes in the republic of China/张超著.-北京:社会科学文献出版社,2009.08
    301页:图;23cm.-(妇女与性别研究参考书系)
    
    
    ISBN 978-7-5097-0872-9:CNY39.00
    本书共6章,内容包括:民国以前娼妓概述;民国娼妓的兴盛:民国废娼运动;政府与娼妓;汉口市的娼政;妓院的营运。
●
相关链接 在E读中查询图书 在五车中查询图书 在当当中查询图书 在豆瓣中查询图书


正题名:民国娼妓盛衰     索取号:D693.98/187         预约/预借

序号 登录号 条形码 馆藏地/架位号 状态 备注
1 540842   205408423   第一样本阅览室/ [索取号:D693.98/187] 在馆    
2 540843   205408432   第一借阅区/ [索取号:D693.98/187] 在馆    
3 540844   205408441   第一借阅区/ [索取号:D693.98/187] 在馆    
4 540845   205408450   第一借阅区/ [索取号:D693.98/187] 在馆    
5 540846   205408469   史法系资料室/ [索取号:D693.98/187] 在馆    
唐山师范学院图书馆 欢迎您!
大连网信软件有限公司© 版权所有